Las políticas sociales en las sociedades complejas /

La obra aborda el desarrollo histórico y el panorama de la política social que nació como una forma de control social de la población mediante la promoción del bienestar y cuya finalidad es mantener la estabilidad y la paz social. Independientemente de las motivaciones y de los factores que la han i...

Deskribapen osoa

Gorde:
Xehetasun bibliografikoak
Egile nagusia: Herrera Gómez, Manuel (autor)
Beste egile batzuk: Castón Boyer, Pedro (autor) (autor)
Formatua: Liburua
Hizkuntza:gaztelania
Argitaratua: Barcelona, España : Ariel, 2003, c2003
Saila:(Ariel Sociología)
Gaiak:
Etiketak: Etiketa erantsi
Etiketarik gabe, Izan zaitez lehena erregistro honi etiketa jartzen!

MARC

LEADER 00000nam^a2200000^a^4500
001 000182847
005 20250521000000.0
009 20260310102020.867
020 |a 84-344-1705-7 
037 |a Acervo ITESO - Biblioteca 
041 |a ESP 
082 |a 361. 25  |b HER 
100 |a Herrera Gómez, Manuel  |e (autor) 
245 1 4 |a Las políticas sociales en las sociedades complejas /  |c M. Herrera Gómez, P. Castón Boyer. 
264 4 |a Barcelona, España :  |b Ariel,  |c 2003, c2003 
300 |a 245 p. 
336 |a texto  |b txt  |2 rdacontenido 
337 |a sin mediación  |b n  |2 rdamedio 
338 |a volumen  |b nc  |2 rdasoporte 
440 1 |a (Ariel Sociología) 
520 |a La obra aborda el desarrollo histórico y el panorama de la política social que nació como una forma de control social de la población mediante la promoción del bienestar y cuya finalidad es mantener la estabilidad y la paz social. Independientemente de las motivaciones y de los factores que la han impulsado el resultado ha sido el crecimiento del Estado de bienestar. La política social, asimsimo, ha sido practicada por el Estado como forma de integración sistémica más que como una integración social. 
649 |a XX 
650 |a Control Social 
650 |a Intervención Social 
650 |a Asistencia Social 
650 |a Estado de Bienestar -  |x Tema Principal 
650 |a Política Social -  |x Tema Principal 
650 |a Problemas Sociales 
650 |a Política 
700 |a Castón Boyer, Pedro  |e (autor) 
910 |a Fondo General 
920 |a Impresos - Libros 
930 |a Colección General 
905 |a 101 
901 |a 0500122796  |b IT1  |c ACC  |u 20250521 
902 |a https://opac.biblio.iteso.mx/vufind/Record/000182847